Stand-alone photovoltaic applications : lessons learned /

Bibliographic Details
Corporate Author: International Energy Agency
Other Authors: Loois, Geerling, Hemert, Bernard van
Format: Book
Language:English
Published: London : James & James, 1999.
Subjects:

MARC

Tag First Indicator Second Indicator Subfields
LEADER 00000pam a2200000 a 4500
001 in00002344321
005 20151108064029.0
008 990913s1999 enka 000 0 eng
015 |a GB98-X0019 
020 |a 1873936915 
020 |a 9781873936917 
029 0 |a UKM  |b b98X0019 
029 1 |a NLGGC  |b 17207939X 
029 1 |a YDXCP  |b 100133344 
035 |a (OCoLC)ocm42366682 
035 |a (OCoLC)42366682 
040 |a UKM  |c UKM  |d BAKER  |d NLGGC  |d YDXCP  |d UtOrBLW 
049 |a TXAM 
050 4 |a TK1087  |b .S736 1999 
082 0 4 |a 621.31244  |2 21 
084 |a 53.36  |2 bcl 
245 0 0 |a Stand-alone photovoltaic applications :  |b lessons learned /  |c technical editors, Geerling Loois and Bernard van Hemert. 
264 1 |a London :  |b James & James,  |c 1999. 
300 |a vii, 69 pages :  |b illustrations (some color) ;  |c 30 cm. 
336 |a text  |b txt  |2 rdacontent 
337 |a unmediated  |b n  |2 rdamedia 
338 |a volume  |b nc  |2 rdacarrier 
504 |a Includes bibliographical references. 
650 0 |a Photovoltaic power systems. 
650 1 7 |a Duurzame energie.  |2 gtt 
650 1 7 |a Zonne-energie.  |2 gtt 
650 1 7 |a Zonnecellen.  |2 gtt 
700 1 |a Loois, Geerling. 
700 1 |a Hemert, Bernard van. 
710 2 |a International Energy Agency. 
938 |a Baker & Taylor  |b BKTY  |c 47.50  |d 47.50  |i 1873936915  |n 0003226238  |s active 
938 |a YBP Library Services  |b YANK  |n 100133344 
945 |a PromptCat  |b 310370 
946 |a stk 
947 |a A14836529089 
994 |a 92  |b TXA 
948 |a cataloged  |b h  |c 2008/1/18  |d c  |e asalazar  |f 1:18:02 pm 
999 |a MARS 
999 f f |s d84b79a9-65f2-330f-9a4a-28d6df6f6db1  |i a8cd4c6c-363d-399c-b301-4efdf85424cd  |t 0 
952 f f |p normal  |a Texas A&M University  |b College Station  |c Sterling C. Evans Library  |d Evans: Library Stacks  |t 0  |e TK1087 .S736 1999  |h Library of Congress classification  |i unmediated -- volume  |m A14836529089 
998 f f |a TK1087 .S736 1999  |t 0  |l Evans: Library Stacks